000 00624nam a2200193Ia 4500
001 65168
003 OSt
005 20150702122355.0
008 150303s9999 xx 000 0 und d
020 _aNA
040 _cPK-LaUMT
082 _a 891.4393
_bTAR-O
100 _aTariq Ismail Sagar(طارق اسماعیل ساگر)
245 _aOperation blue star (Urdu)(آپریشن بلیو سٹار)
_cTariq Ismail Sagar(طارق اسماعیل ساگر)
260 _aLahore,Pakistan:(لاہور، پاکستان )
_bMaqbool Academy,(مقبول اکیڈمی)
_c1993
300 _a353 p.
546 _aUR
942 _cBK
_2ddc
999 _c67212
_d67212